000 00408cam a22001217a 4500
999 _c509039
_d509039
008 180718b1960 xxu||||| |||| 00| 0 eng d
082 _aA45:Z2 MYSO/1950-51
100 _aMysore. Department of Food Supplies
_94141
245 _aAdministration report of the department of food supplies, 1950-51
_cby Department of Food Supplies
260 _aBangalore
_bGovernment Press
_c1951
300 _a40p.
942 _2ddc